Statistics for Mighty Morphin Power Rangers (1993-95)

Click here to take the quiz!

General Stats

  • This quiz has been taken 1,110 times
  • The average score is 20 of 28

Answer Stats

HintAnswer% Correct
The Green & White RangerThomas "Tommy" Oliver
97%
The Blue RangerBilly Cranston
95%
The original Red RangerJason Lee Scott
95%
The original Pink RangerKimberly Ann Hart
94%
The original Black RangerZack Taylor
91%
The wise mentor of the RangersZordon
91%
The original Yellow RangerTrini Kwan
89%
A multi-functional semi-sentient automatonAlpha 4/5
85%
An evil alien witch bent on galactic dominationRita Repulsa/Revolta
85%
The second Black RangerAdam Park
83%
The second Red RangerRocky DeSantos
82%
Two bullies at Angel Grove High SchoolBulk & Skull
81%
The second Pink RangerKatherine "Kat" Hillard
75%
Humanoid lion with red eyes (evil henchman)Goldar
71%
The second Yellow RangerAisha Campbell
70%
Self-proclaimed, all-powerful "Emperor of Evil"Lord Zedd
70%
Original Black DinozordMastodon
69%
Original Red DinozordTyrannosaurus
69%
Original Blue DinozordTriceratops
68%
Original Yellow DinozordSaber-Toothed Tiger
67%
Warriors made of clay who act as foot soldiersPutty Patrollers
64%
Original Pink DinozordPterodactyl
63%
Owner and proprietor of the Youth CenterErnie
60%
Creator of the original power coins ninja powersNinjor
55%
Chief monster maker (evil henchman)Finster
43%
Bat-like creature with monacle (evil henchman)Baboo
36%
Crow-like soldiers that are able to speak,Tenga Warriors
30%
A short, blue creature (evil henchman)Squatt
29%

Score Distribution

Percentile by Number Answered

Percent of People with Each Score

Your Score History

You have not taken this quiz